00627nam a2200145Ia 4500008004100000050002700041100002100068245013800089260008600227300002000313521001200333942000700345999001900352952011000371140724s9999 xx 000 0 und d aRJ 507.A29b.R116 2007 aRabino, Randy R. 4aThe prevalent coping mechanisms of physically abused school-age children at a DSWD Foundation in Parañaque City /cRandy R. Rabino. aLas Piñas, Philippines :bSouthville International School and Colleges,cc2007. a79 p. :c28 cm. aNursing cTH c229048d229048 001040aCLbCLcTHESESd2014-07-24l0oRJ 507.A29 .R116 2007pT0402r2018-05-15 00:00:00w2014-07-24yTH